|
|
|
|
| LEADER |
01661nam a22003137a 4500 |
| 001 |
33981 |
| 003 |
BD-DhAAL |
| 005 |
20181202110954.0 |
| 008 |
181202r20182011bg a|||| b||| 001 0 ben d |
| 999 |
|
|
|c 40261
|d 40261
|
| 020 |
|
|
|a 9789840414239
|
| 040 |
|
|
|a BD-DhAAL
|
| 041 |
|
|
|a ben
|a eng
|
| 082 |
|
|
|a 954.9205092
|2 22
|
| 100 |
|
|
|a সরকার, মোনায়েম
|9 29094
|
| 245 |
|
|
|a বঙ্গবন্ধু শেখ মুজিবুর রহমান /
|c মোনায়েম সরকার এবং আশফাক-উল-আলম; পরিমার্জনা সৈয়দ মোহাম্মদ শাহেদ
|
| 260 |
|
|
|a ঢাকা :
|b আগামী প্রকাশনী,
|c ২০১৪ ( তৃতীয় মুদ্রণ )
|
| 300 |
|
|
|a ৫৬০ পৃষ্ঠা :
|b চিত্র ;
|c ২২ সে.মি.
|
| 504 |
|
|
|a গ্রন্থপঞ্জিগত নির্দেশিকা ও নিঘন্ট অন্তভূক্ত
|
| 526 |
|
|
|a AAL
|
| 541 |
|
|
|a Boibazar.com
|e 33981
|
| 600 |
|
|
|a Mujibur Rahman,
|c Sheikh,
|d 1920-1975
|x Political and social views
|x Biography
|9 29095
|
| 650 |
|
|
|a Bangladesh
|x Politics and government
|9 29096
|
| 650 |
|
|
|a Bangladesh
|x History
|y Revolution, 1971
|9 29097
|
| 700 |
|
|
|a আশফাক-উল-আলম
|9 29098
|
| 700 |
|
|
|a শাহেদ, সৈয়দ মোহাম্মদ
|9 29099
|
| 852 |
|
|
|a Ayesha Abed Library
|c Bangabandhu Corner
|
| 942 |
|
|
|2 ddc
|c BK
|
| 952 |
|
|
|0 0
|1 0
|2 ddc
|4 0
|6 954_920509200000000_SAR
|7 0
|9 64634
|a BRACUL
|b BRACUL
|c BNC
|d 2018-11-05
|e Boibazar.com
|g 700.00
|l 0
|o 954.9205092 SAR
|p 3010033981
|r 2018-11-05
|t 1
|v 700.00
|w 2018-11-05
|y BK
|